Contract percentages study (Record no. 71609)

MARC details
000 -LEADER
fixed length control field 01194cam a2200217 4500
001 - CONTROL NUMBER
control field WB3843-02
008 - FIXED-LENGTH DATA ELEMENTS--GENERAL INFORMATION
fixed length control field 021120n2002 000 0 eng u
035 ## - SYSTEM CONTROL NUMBER
System control number (Sirsi) u120532
245 ## - TITLE STATEMENT
Title Contract percentages study
260 ## - PUBLICATION, DISTRIBUTION, ETC.
Date of publication, distribution, etc. 2002
490 ## - SERIES STATEMENT
Series statement BCIS Press Release
Volume/sequential designation 20 November 2002, (2)
520 ## - SUMMARY, ETC.
Summary, etc. Building Cost Information Service's (BCIS) latest "Contract percentages study" shows that tender preliminaries reached their highest level for nearly 25 years in the second quarter of 2002, averaging 14.7% as a percentage of total contract sums (excluding contingencies. The BCIS study charts preliminaries and profit and overhead percentages on prime cost sums and dayworks from recent contract. It is published in the BCIS "Surveys of tender prices" and is available from BCIS either as part of their bulletin subscription service or individual copies at £90.00 t+44 (0)20 7695 1500 BCIS website http://www.bcis.co.uk/
590 ## - LOCAL NOTE (RLIN)
Local note WB
650 ## - SUBJECT ADDED ENTRY--TOPICAL TERM
Topical term or geographic name entry element BCIS CONTRACT PERCENTAGES STUDY
650 ## - SUBJECT ADDED ENTRY--TOPICAL TERM
Topical term or geographic name entry element BCIS ALL-IN TENDER PRICE INDEX
650 ## - SUBJECT ADDED ENTRY--TOPICAL TERM
Topical term or geographic name entry element PRELIMINARIES
650 ## - SUBJECT ADDED ENTRY--TOPICAL TERM
Topical term or geographic name entry element TENDERS
650 ## - SUBJECT ADDED ENTRY--TOPICAL TERM
Topical term or geographic name entry element CONTRACT PERCENTAGES
690 ## - LOCAL SUBJECT ADDED ENTRY--TOPICAL TERM (OCLC, RLIN)
Topical term or geographic name as entry element BUILT ENVIRONMENT-BUILDING COSTS
942 ## - ADDED ENTRY ELEMENTS (KOHA)
Suppress in OPAC 0
Holdings
Withdrawn status Lost status Source of classification or shelving scheme Damaged status Not for loan Home library Current library Shelving location Date acquired Total Checkouts Full call number Barcode Date last seen Copy number Price effective from Koha item type
    Dewey Decimal Classification     London London News article 20/11/2002   WB3843-02 120532-1001 06/08/2019 1 06/08/2019 News article